[Event "CRO-ch U13"]
[Site "Trogir"]
[Date "2023.06.25"]
[Round "7"]
[White "Apostolovski, Filip"]
[Black "Ferdebar, Noa"]
[Result "1-0"]
[WhiteElo "1366"]
[BlackElo "1399"]
[PlyCount "77"]
[EventDate "2023.06.21"]
[EventType "swiss"]
[EventRounds "9"]
[EventCountry "CRO"]
[SourceTitle "EXT 2024"]
[Source "ChessBase"]
[SourceDate "2023.10.10"]
[SourceVersion "1"]
[SourceVersionDate "2023.10.10"]
[SourceQuality "1"]

1. d4 d5 2. Bf4 c5 3. c3 cxd4 4. cxd4 Nc6 5. e3 Nf6 6. Nf3 Bg4 7. Nbd2 e6 8. a3 Bd6 9. Bg3 0-0 10. Bd3 Rc8 11. Bxd6 Qxd6 12. Qb3 Na5 13. Qb4 Qxb4 14. axb4 Bxf3 15. gxf3 Nc6 16. b5 Nb4 17. Ke2 Nxd3 18. Kxd3 Rc7 19. Rxa7 Nd7 20. Nb3 Rfc8 21. Na5 Nb6 22. Rxb7 Rxb7 23. Nxb7 Rb8 24. Nc5 Nc4 25. b3 Na5 26. Ra1 Rxb5 27. b4 Nc6 28. Ra8+ Rb8 29. Rxb8+ Nxb8 30. b5 Kf8 31. Kc3 Ke7 32. Kb4 Kd6 33. Ka5 Kc7 34. Na6+ Nxa6 35. Kxa6 Kb8 36. Kb6 g5 37. Kc6 f5 38. Kd6 f4 39. exf4 1-0

[Event "CRO-ch U13"]
[Site "Trogir"]
[Date "2023.06.23"]
[Round "5"]
[White "Hranilovic, Renato"]
[Black "Ferdebar, Noa"]
[Result "0-1"]
[WhiteElo "1188"]
[BlackElo "1399"]
[PlyCount "116"]
[EventDate "2023.06.21"]
[EventType "swiss"]
[EventRounds "9"]
[EventCountry "CRO"]
[SourceTitle "EXT 2024"]
[Source "ChessBase"]
[SourceDate "2023.10.10"]
[SourceVersion "1"]
[SourceVersionDate "2023.10.10"]
[SourceQuality "1"]

1. e4 c5 2. Nf3 d6 3. d4 cxd4 4. Nxd4 Nf6 5. Nc3 g6 6. g3 Bg7 7. Bg2 0-0 8. 0-0 Nc6 9. Nf3 a6 10. a3 b5 11. Re1 Bb7 12. Bf4 Rc8 13. e5 dxe5 14. Nxe5 Nh5 15. Nxc6 Bxc6 16. Qxd8 Rfxd8 17. Rxe7 Bxg2 18. Kxg2 Nxf4+ 19. gxf4 Bxc3 20. bxc3 Rxc3 21. Ra2 Rdc8 22. Ra7 R8c6 23. Rb2 Rxa3 24. Rxb5 axb5 25. Rxa3 Rxc2 26. Rb3 Rc5 27. Rb4 Kg7 28. Kf3 h5 29. h4 Kf6 30. Rb3 Kf5 31. Rb4 Ke6 32. Ke3 Kf5 33. Kf3 Rc3+ 34. Kg2 Rc4 35. Rxb5+ Kxf4 36. Rg5 Rc3 37. Ra5 Rc4 38. Rg5 Re4 39. Rg3 Kf5 40. Rf3+ Ke6 41. Kh3 f6 42. Rg3 Kf5 43. Ra3 g5 44. Rf3+ Rf4 45. Rxf4+ gxf4 46. f3 Ke5 47. Kg2 Kd4 48. Kf2 Kd3 49. Kg2 Ke3 50. Kh2 Kxf3 51. Kh3 Ke2 52. Kg2 f3+ 53. Kh1 f2 54. Kh2 f1Q 55. Kg3 Qf3+ 56. Kh2 Qg4 57. Kh1 Kf2 58. Kh2 Qg2# 0-1

[Event "CRO-ch U13"]
[Site "Trogir"]
[Date "2023.06.21"]
[Round "2"]
[White "Ferdebar, Noa"]
[Black "Malaric, Marko"]
[Result "1/2-1/2"]
[WhiteElo "1399"]
[BlackElo "1207"]
[PlyCount "117"]
[EventDate "2023.06.21"]
[EventType "swiss"]
[EventRounds "9"]
[EventCountry "CRO"]
[SourceTitle "EXT 2024"]
[Source "ChessBase"]
[SourceDate "2023.10.10"]
[SourceVersion "1"]
[SourceVersionDate "2023.10.10"]
[SourceQuality "1"]

1. e4 c5 2. Nf3 d6 3. d4 cxd4 4. Qxd4 Nc6 5. Bb5 Bd7 6. Bxc6 Bxc6 7. Nc3 Nf6 8. Bg5 Nd7 9. 0-0-0 Qb6 10. Qxb6 Nxb6 11. Nd4 Rc8 12. Kb1 g6 13. f4 Bg7 14. Rhf1 a6 15. f5 Nd7 16. Nxc6 bxc6 17. Rd3 Nc5 18. Re3 Bxc3 19. bxc3 Nd7 20. c4 f6 21. Bf4 Kf7 22. Kc1 Rb8 23. Kd2 Rhg8 24. g4 gxf5 25. exf5 Rxg4 26. h3 Rg2+ 27. Kc1 Rb4 28. Rfe1 Ne5 29. Bxe5 fxe5 30. Re4 Kf6 31. a3 Rb8 32. Rf1 Rbg8 33. Rh4 Rg1 34. Rh6+ Kf7 35. Rxh7+ R8g7 36. Rxg7+ Rxg7 37. Rf3 Kf6 38. Kd2 Rg5 39. Rb3 Rg2+ 40. Kd1 Rh2 41. Rf3 d5 42. cxd5 cxd5 43. a4 Rh1+ 44. Kd2 Ra1 45. Rd3 Rxa4 46. Rxd5 Rd4+ 47. Rxd4 exd4 48. Kd3 Kxf5 49. Kxd4 Kf4 50. c4 e5+ 51. Kc3 e4 52. c5 e3 53. c6 Kf3 54. c7 e2 55. c8Q e1Q+ 56. Kb3 Qb1+ 57. Ka3 Qd3+ 58. Ka4 Qd4+ 59. Ka5 1/2-1/2

[Event "CRO-ch U11"]
[Site "Trogir"]
[Date "2021.06.23"]
[Round "7"]
[White "Ferdebar, Noa"]
[Black "Miletic, Ivan"]
[Result "1-0"]
[WhiteElo "1765"]
[BlackElo "1788"]
[PlyCount "141"]
[EventDate "2021.06.19"]
[EventType "swiss"]
[EventRounds "9"]
[EventCountry "CRO"]
[SourceTitle "EXT 2022"]
[Source "ChessBase"]
[SourceDate "2021.10.06"]
[SourceVersion "1"]
[SourceVersionDate "2021.10.06"]
[SourceQuality "1"]

1. d4 Nf6 2. Nc3 d5 3. Bg5 e6 4. Nf3 Be7 5. e3 Nbd7 6. Bd3 b6 7. Qd2 Bb7 8. a3 0-0 9. 0-0-0 c5 10. h4 c4 11. Be2 Bd6 12. Nb5 Qe7 13. Bxf6 Nxf6 14. Nxd6 Qxd6 15. Ne5 Ne4 16. Qe1 b5 17. f3 Nf6 18. Qa5 Qa6 19. Qxa6 Bxa6 20. g4 Bc8 21. h5 h6 22. f4 a5 23. Bf3 b4 24. a4 Bd7 25. b3 cxb3 26. cxb3 Rac8+ 27. Kd2 Rc3 28. Rb1 Rfc8 29. Rb2 Be8 30. g5 Ne4+ 31. Bxe4 dxe4 32. gxh6 f6 33. Ng4 Rd3+ 34. Ke2 gxh6 35. Nf2 Rdc3 36. Nxe4 Rc2+ 37. Rxc2 Rxc2+ 38. Kd3 Rb2 39. Kc4 Kf7 40. Nd6+ Ke7 41. Nxe8 Kxe8 42. Rh3 Kd7 43. e4 Kc6 44. d5+ exd5+ 45. exd5+ Kd6 46. Rd3 Rc2+ 47. Kb5 Rc5+ 48. Kb6 f5 49. Rd4 Rc3 50. Kxa5 Rxb3 51. Rxb4 Ra3 52. Kb5 Kc7 53. a5 Rd3 54. Kc5 Rc3+ 55. Rc4 Rd3 56. a6 Kb8 57. Kc6 Ra3 58. Kb6 Rb3+ 59. Kc5 Ra3 60. Kb5 Rd3 61. Kc6 Ra3 62. Rb4+ Ka8 63. Kb6 Rd3 64. Rb5 Rd4 65. Rc5 Rb4+ 66. Kc7 Rxf4 67. d6 Rd4 68. d7 f4 69. d8Q+ Rxd8 70. Kxd8 f3 71. Rf5 1-0